ბათუმის შოთა რუსთაველის სახელმწიფო უნივერსიტეტის ბიბლიოთეკა

წარმოსახვითი საზოგადოებანი = Imagined Communities: მოსაზრებანი ნაც. წარმოშობისა და გავრცელების შესახებ / (ბიბ.ჩანაწერი № 38515)

000 -ლიდერი
ფიქსირებული სიგრძის საკონტროლო ველი 01620nam a2200265Ia 4500
001 - საკონტროლო ნომერი
საკონტროლო ველი 4616
003 - საკონტროლო ნომრის იდენტიფიკატორი
საკონტროლო ველი GE_BSU
005 - ბოლო ოპერაციის თარიღი და დრო
საკონტროლო ველი 20190510145509.0
008 - ფიქსირებული სიგრძის მონაცემთა ელემენტები - ზოგადი ინფორმაცია
ფიქსირებული სიგრძის საკონტროლო ველი 181216s2003||||ge |||||||||||||| ||geo||
020 ## - წიგნის საერთაშორისო სტანდარტული ნომერი
International Standard Book Number 9994023306
040 ## - კატალოგიზაციის წყარო
Transcribing agency GE_BSU
041 ## - ენის კოდი
Language code of text/sound track or separate title geo
080 ## - უნივერსალური ათობითი კლასიფიკაციის ინდექსი
Universal Decimal Classification number 316 ა–63
100 ## - მთავარი ჩანაწერი - პიროვნების სახელი
Personal name ანდერსონი, ბენედიქტ
9 (RLIN) 952
245 ## - ცნობა სათაურის შესახებ
Title წარმოსახვითი საზოგადოებანი = Imagined Communities: მოსაზრებანი ნაც. წარმოშობისა და გავრცელების შესახებ /
Statement of responsibility, etc ბენედიქტ ანდერსონი ; ინგლ. თარგმნა : რუსუდან გოცირიძემ ; სამეც . რედ : ზურაბ დავითაშვილი.
264 ## - წარმოების, გამოცემის, დისტრიბუციის და სხვა ცნობები
გამოცემის, წარმოების, დისტრიბუციის... ადგილი თბილისი .:
გამოცემის, წარმოების, დისტრიბუციის... სახელწოდება ენა და კულტურა,
გამოცემის, წარმოების, დისტრიბუციის... თარიღი 2003.
300 ## - ფიზიკური აღწერა
Extent 306გვ . ;
Dimensions 20სმ.
440 ## - სერიის ცნობა / დამატებულია ჩანაწერი - სათაური
Title სოციალურ მეცნიერებათა სერია
9 (RLIN) 955
653 ## - INDEX TERM--UNCONTROLLED
Uncontrolled term მოსაზრებანი ნაც. წარმოშობისა და გავრცელების შესახებ
653 ## - INDEX TERM--UNCONTROLLED
Uncontrolled term წარმოსახვითი საზოგადოებანი
653 ## - INDEX TERM--UNCONTROLLED
Uncontrolled term სოციოლოგია
700 ## - ADDED ENTRY--PERSONAL NAME
Personal name გოცირიძემ,რუსუდან
Relator term მთარგმნელი
9 (RLIN) 953
700 ## - ADDED ENTRY--PERSONAL NAME
Personal name დავითშვილი, ზურაბ
Relator term სამეცნიერო რედაქტორი
9 (RLIN) 954
942 ## - ADDED ENTRY ELEMENTS (KOHA)
Koha item type წიგნი
Source of classification or shelving scheme
ეგზემპლარები
ჩამოწერის სტატუსი დაკარგული ეგზემპლარის სტატუსი კლასიფიკაციის წყარო ან თაროზე გაწყობის სქემა დაზიანების სტატუსი არ გაიცემა მუდმივი მდებარეობა (დაცვის ადგილი) ამჟამინდელი ადგილსამყოფელი თაროზე განთავსების ადგილი შეძენის თარიღი სრული შენახვის შიფრი შტრიხკოდი ბოლო ოპერაციის თარიღი ეგზემპლარის მიმდევრობითი ნომერი (კეტერი?) ფასის ძალაში შესვლის თარიღი ეგზემპლარის სახეობა
          ტექნოლოგიური ფაკულტეტის ბიბლიოთეკა ტექნოლოგიური ფაკულტეტის ბიბლიოთეკა წიგნსაცავი 2018-12-17 316 ა–63 8339 2018-12-17 8339 2018-12-17 წიგნი